Statystyki dla Mistrzostwa Świata 2018

Kliknij tutaj aby rozwiązać quiz!

Ogólne statystyki

  • Ten quiz został rozwiązany 11,474 razy
  • Średni wynik to 26 z 32

Statystyki odpowiedzi

Answer % Correct
Polska
100%
Japonia
98%
Francja
97%
Rosja
97%
Kolumbia
96%
Senegal
96%
Niemcy
96%
Hiszpania
96%
Portugalia
95%
Argentyna
94%
Anglia
92%
Brazylia
91%
Belgia
89%
Chorwacja
88%
Szwecja
87%
Urugwaj
79%
Meksyk
79%
Korea Południowa
79%
Egipt
78%
Arabia Saudyjska
77%
Szwajcaria
73%
Islandia
72%
Nigeria
70%
Australia
70%
Dania
68%
Iran
65%
Panama
63%
Maroko
62%
Peru
58%
Serbia
56%
Kostaryka
52%
Tunezja
49%

Rozkład punktacji

Percentyl według liczby udzielonych odpowiedzi

Procent ludzi z każdym wynikiem

Twoja historia wyników

Nie rozwiązałeś tego quizu